| 000 | 00571nam a2200169 a 4500 | ||
|---|---|---|---|
| 008 | 120416s1982 ||||||||||||||||| || u | ||
| 050 | _aHV 696.F6 Jac | ||
| 100 | _aJackson, Tony | ||
| 245 | 1 | 0 | _aAgainst the grain: the dilemma of project food aid |
| 260 |
_aOxford: _bOxfam _c1982 |
||
| 300 | _avi, 132p. : ill. | ||
| 350 | _a0.00 | ||
| 650 | _aCHARITIES | ||
| 650 | _aFOOD RELIEF | ||
| 650 | 0 | _aFOOD SUPPLY | |
| 995 |
_D0.00 _FCBU-MAIN LIBRARY (Kitwe) _H1 _I4.50 _M1 _UAVAILABLE _ZAnnex Low-Usage Collection |
||
| 999 |
_c33866 _d33866 |
||